| 000 | 00684nam a2200217 a 4500 | ||
|---|---|---|---|
| 005 | 20250617063819.0 | ||
| 008 | 030626s1972 mx r 000 0 spa d | ||
| 035 | _aUPN01000126835 | ||
| 049 | _aSEP | ||
| 050 | 4 |
_aAC75 _bS4a no.52 |
|
| 245 | 0 | 4 |
_aLos beneficios del desarrollo regional / _ccomp. David Barkin ; ensayos de Angel Palerm ... [et al.]. |
| 260 |
_aMéxico : _bSEP, _c1972. |
||
| 300 | _a189 p. | ||
| 440 | 0 |
_aSepSetentas ; _v52 |
|
| 500 | _aFotocopia | ||
| 650 | 4 |
_aDesarrollo económico _zMéxico _912453 |
|
| 650 | 4 |
_aDESARROLLO ECONOMICO - _xASPECTOS SOCIALES _915414 |
|
| 700 | 1 |
_aBarkin, David, _ecomp. _935464 |
|
| 700 | 1 |
_aPalerm, Angel, _ecoaut. |
|
| 905 | _aLibro | ||
| 999 |
_c99014 _d99014 |
||